000 01157nam a22002777a 4500
001 BD-DhSAU 9278
003 BD-DhSAU
005 20260513105740.0
008 260513b2018 bg a|||| m||| 00| 0 eng d
040 _aBD-DhSAU
082 _222
_a616.96
_bR1378
100 _aHASSAN, MD. RAKIBUL
_eRegistration # 18-08803
245 _aMolecular detection of multidrug resistant salmonella spp. isolated from food animals of selected areas of dhaka division, bangladesh /
_bMS thesis
260 _aSher-e-Bangla Agricultural University;
_bDepartment of Microbiology and parasitology ;
_c2024.
300 _ax, 60p. :
_bill. ;
_c30 cm.
500 _aMS thesis of Department of Microbiology and parasitology, ;, Faculty of ASVM. Sher-e-Balgla Agricultural University Dhaka-1207
504 _aIncludes bibliographical reference.
590 _aNazmul
650 _amolecular detection
650 _amultidrug resistant salmonella spp.
651 _afood animals
700 _aAssico. Prof. Dr. Mahfuzul Islam
_eSuperviser
710 _eCo-Superviser
_aAssico. Prof. Md. Kamrul Hassan
942 _2ddc
_cTHESIS
999 _c18397
_d18396